Normal view
MARC view
- Page, Norman
Entry Personal Name
001 - CONTROL NUMBER
- control field: 64844
003 - CONTROL NUMBER IDENTIFIER
- control field: NUST
005 - DATE AND TIME OF LATEST TRANSACTION
- control field: 20210628203335.0
008 - FIXED-LENGTH DATA ELEMENTS
- fixed length control field: 210628|| aca||aabn | a|a d
040 ## - CATALOGING SOURCE
- Original cataloging agency: NUST
- Transcribing agency: NUST
100 ## - HEADING--PERSONAL NAME
- Personal name: Page, Norman
670 ## - SOURCE DATA FOUND
- Source citation: Work cat.: (NUST): Page, Norman, Charles dickens, hard times great expectations and our mutual friend, 1979
